000 00941nam a22003377a 4500
003 OSt
005 20140310182007.0
008 030102s2003 nju 000 0 n/a
010 _a 2003100037
020 _a1853260207
035 _a(DLC) 2003100037
040 _aDLC
_cDLC
042 _apcc
_alcac
050 _aPR 4167
_b.B869 1999
082 _aCLA B78j
_b1999
100 1 _aBronte, Charlotte.
_93109
245 1 0 _aJane Eyre /
_cCharlotte Bronte.
260 _aHertfordshire :
_bWordsworth Editions,
_cc1999.
300 _a410 p.
_c20 cm.
440 _aThe townsend library ;
_92892
541 _g1
541 _g2
541 _g3
562 _e3
650 _aInternational Baccalaureate
_9127
650 _aBrontB Charlotte, 1816-1855. Jane Eyre
_93110
650 _aClassics
_92808
906 _a0
_bibc
_corignew
_d2
_eepcn
_f20
_gy-gencatlg
942 _2lcc
_cBBK
_kCLA
999 _c8075
_d8075